| 000 | 00972nac a22002897a 4500 | ||
|---|---|---|---|
| 001 | BR6006312 | ||
| 003 | BR-BrBNA | ||
| 005 | 20240105113146.0 | ||
| 008 | 230509b bl.|||m| |||| 00| 0 por d | ||
| 040 |
_aBR-BrBNA _bpor _cBiblioteca Nacional de Agricultura |
||
| 072 | _aF00 | ||
| 090 | _a0430 BR6006312 | ||
| 110 | 1 |
_aDepartamento Nacional da Producao Vegetal, Rio de Janeiro, GB (Brasil). Servico de Plantas Texteis; _93246 |
|
| 110 | 1 | _aServico de Informacao Agricola, Rio de Janeiro, GB (Brasil) | |
| 245 | 1 |
_aEpocas de plantio e colheita de algodao no Brasil [Gossypium hirsutum] _bPublicacao da 1. secao technica |
|
| 250 | 1 | _a2. ed. | |
| 260 | 3 |
_aRio de Janeiro, GB (Brasil): _c1935. |
|
| 300 | _a12 p. | ||
| 490 |
_aSIA (Brazil) _vno. 654 _x |
||
| 500 | _aNumerical data | ||
| 650 | _aProducao vegetal | ||
| 650 | _aAlgodao | ||
| 650 | _aPlantio | ||
| 650 | _aColheita | ||
| 909 |
_a202312 _bLúcia Elande _c55 _dLúcia Elande |
||
| 942 |
_2AGRIS _n0 _cMS |
||
| 999 |
_c262216 _d262216 |
||